La Vaca y la producción lechera
Publicado:
Barcelona :
Escuela Elemental del Trabajo de la Diputación Provincial de Barcelona (E.E.T. Artes Gráficas) ,
1950
Descripción Física:
95 p. : il. ; 21 cm
Otros Autores:
Escola Elemental del Treball (Barcelona)
Materias:
Bestiar lleter
MARC
| LEADER | 00000nam a2200000Ia 4500 | ||
|---|---|---|---|
| 001 | 1990 | ||
| 008 | 160829s1950 xx 000 0 cat d | ||
| 080 | |a C-1-398 | ||
| 245 | |a La Vaca y la producción lechera | ||
| 260 | |a Barcelona : |b Escuela Elemental del Trabajo de la Diputación Provincial de Barcelona (E.E.T. Artes Gráficas), |c 1950 | ||
| 300 | |a 95 p. : |b il. ; |c 21 cm | ||
| 590 | |a A la part superior de la portada: Publicaciones del Servicio de Extensión de Enseñanzas Técnicas. Editorial y Escuela por correspondencia. | ||
| 650 | |a Bestiar lleter |9 29192 | ||
| 700 | |a Escola Elemental del Treball (Barcelona) |9 55345 | ||
| 901 | |a Arxiu | ||
| 942 | |n 1 | ||
| 952 | |0 0 |1 0 |4 0 |6 C1398 |7 1 |9 46411 |a Arxiu |b Arxiu |d 2016-12-01 |l 0 |o C-1-398 |p 1990 |r 2016-12-01 00:00:00 |w 2016-12-01 |y ARXIU | ||
| 999 | |c 50196 |d 50196 | ||